Statistics for Digits of pi to the Feynman point

Click here to take the quiz!

General Stats

  • This quiz has been taken 22 times
  • The average score is 218 of 381

Answer Stats

Digit% Correct
3.143.14
91%
10
82%
15
82%
19
82%
26
82%
28
82%
32
82%
32
82%
35
82%
38
82%
38
82%
39
82%
43
82%
46
82%
50
82%
65
82%
69
82%
71
82%
75
82%
79
82%
79
82%
84
82%
89
82%
92
82%
93
82%
20
73%
44
73%
49
73%
58
73%
97
73%
03
64%
06
64%
06
64%
07
64%
08
64%
11
64%
17
64%
21
64%
23
64%
25
64%
28
64%
28
64%
34
64%
48
64%
59
64%
62
64%
64
64%
79
64%
81
64%
86
64%
99
64%
00
55%
00
55%
01
55%
01
55%
01
55%
01
55%
01
55%
01
55%
01
55%
02
55%
02
55%
02
55%
02
55%
02
55%
02
55%
03
55%
03
55%
04
55%
05
55%
05
55%
05
55%
05
55%
05
55%
06
55%
06
55%
07
55%
07
55%
07
55%
07
55%
09
55%
09
55%
09
55%
09
55%
09
55%
10
55%
10
55%
10
55%
10
55%
11
55%
11
55%
11
55%
11
55%
11
55%
12
55%
12
55%
12
55%
12
55%
12
55%
13
55%
13
55%
13
55%
13
55%
13
55%
134
55%
14
55%
14
55%
14
55%
14
55%
15
55%
17
55%
17
55%
17
55%
18
55%
18
55%
19
55%
19
55%
19
55%
19
55%
20
55%
21
55%
21
55%
21
55%
21
55%
21
55%
22
55%
22
55%
22
55%
22
55%
22
55%
23
55%
23
55%
24
55%
25
55%
26
55%
26
55%
26
55%
26
55%
27
55%
27
55%
27
55%
27
55%
28
55%
28
55%
28
55%
28
55%
29
55%
29
55%
29
55%
29
55%
30
55%
30
55%
30
55%
30
55%
31
55%
31
55%
31
55%
31
55%
31
55%
32
55%
32
55%
33
55%
33
55%
33
55%
33
55%
34
55%
34
55%
34
55%
35
55%
35
55%
35
55%
36
55%
36
55%
36
55%
36
55%
37
55%
37
55%
37
55%
37
55%
37
55%
38
55%
39
55%
39
55%
40
55%
40
55%
40
55%
40
55%
41
55%
42
55%
42
55%
43
55%
43
55%
44
55%
44
55%
44
55%
44
55%
44
55%
44
55%
45
55%
45
55%
45
55%
45
55%
45
55%
46
55%
46
55%
46
55%
47
55%
47
55%
47
55%
47
55%
48
55%
48
55%
48
55%
48
55%
48
55%
48
55%
49
55%
49
55%
49
55%
50
55%
50
55%
51
55%
51
55%
51
55%
51
55%
52
55%
52
55%
53
55%
53
55%
53
55%
53
55%
53
55%
54
55%
54
55%
55
55%
55
55%
56
55%
56
55%
56
55%
57
55%
58
55%
58
55%
59
55%
59
55%
59
55%
59
55%
59
55%
59
55%
59
55%
60
55%
60
55%
60
55%
60
55%
60
55%
60
55%
60
55%
60
55%
60
55%
61
55%
62
55%
62
55%
62
55%
63
55%
63
55%
64
55%
64
55%
64
55%
64
55%
64
55%
65
55%
66
55%
66
55%
66
55%
66
55%
66
55%
67
55%
67
55%
67
55%
68
55%
68
55%
68
55%
69
55%
69
55%
70
55%
71
55%
71
55%
71
55%
71
55%
71
55%
72
55%
72
55%
72
55%
72
55%
73
55%
73
55%
73
55%
74
55%
75
55%
75
55%
75
55%
75
55%
76
55%
76
55%
76
55%
77
55%
77
55%
77
55%
77
55%
77
55%
78
55%
78
55%
78
55%
79
55%
79
55%
79
55%
80
55%
81
55%
81
55%
81
55%
81
55%
81
55%
81
55%
81
55%
81
55%
82
55%
82
55%
82
55%
82
55%
82
55%
83
55%
84
55%
84
55%
84
55%
85
55%
85
55%
85
55%
85
55%
85
55%
85
55%
86
55%
86
55%
86
55%
86
55%
86
55%
86
55%
87
55%
87
55%
88
55%
89
55%
89
55%
89
55%
90
55%
91
55%
91
55%
91
55%
92
55%
92
55%
92
55%
92
55%
93
55%
93
55%
93
55%
93
55%
94
55%
94
55%
94
55%
94
55%
94
55%
94
55%
95
55%
95
55%
95
55%
95
55%
96
55%
96
55%
98
55%
98
55%
99
55%
99
55%
99
55%
762999999
55%

Score Distribution

Percentile by Number Answered

Percent of People with Each Score

Your Score History

You have not taken this quiz